El Nacionalisme català a la fi del segle XX : II Jornades II Jornades
Descripción Física:
266 p. ; 20 cm
Colección:
Polítiques ; 6
Materias:
Nacionalisme -- Catalunya
MARC
| LEADER | 00000nam a2200000Ia 4500 | ||
|---|---|---|---|
| 001 | 8781 | ||
| 008 | 160829s1989 xx 000 0 cat d | ||
| 080 | |a M-2-261 | ||
| 245 | |a El Nacionalisme català a la fi del segle XX : |b II Jornades | ||
| 260 | |a Barcelona : |b La Magrana : |b Edicions 62, |c 1989 | ||
| 300 | |a 266 p. ; |c 20 cm | ||
| 490 | |a Polítiques ; 6 | ||
| 650 | 0 | |a Nacionalisme |z Catalunya |9 11008 | |
| 901 | |a Arxiu | ||
| 942 | |n 1 | ||
| 952 | |0 0 |1 0 |4 0 |6 M2261 |7 1 |9 42043 |a Arxiu |b Arxiu |d 2016-12-01 |l 0 |o M-2-261 |p 8781 |r 2016-12-01 00:00:00 |w 2016-12-01 |y ARXIU | ||
| 999 | |c 44490 |d 44490 | ||